Geography Quiz

Random Geography or City Quiz

100k California Cities Quiz Stats

Quiz Updated Nov 9, 2016

Challenge
Share
Tweet
Embed
Score 0/71 Timer 08:00
5 Plays Today
Population City % Correct
3,928,864Los Angeles
98.8%
1,381,069San Diego
96.7%
852,469San Francisco
96.5%
485,199Sacramento
89.9%
1,015,785San Jose
83.9%
413,775Oakland
83.1%
319,504Riverside
73%
346,997Anaheim
72.1%
515,986Fresno
70.2%
473,577Long Beach
67.4%
368,759Bakersfield
61.8%
215,213San Bernardino
61%
109,484San Buenaventura
57.9%
122,192Santa Clara
57.6%
139,812Orange
56.5%
334,909Santa Ana
52.6%
248,531Irvine
49%
140,881Pasadena
47.6%
102,893San Mateo
46.2%
302,389Stockton
46%
118,853Berkeley
44.9%
209,286Modesto
41.1%
260,988Chula Vista
38.6%
200,809Huntington Beach
37.9%
205,437Oxnard
37.8%
200,167Glendale
37%
228,758Fremont
36.9%
174,170Santa Rosa
33.8%
105,368Burbank
33.8%
174,558Oceanside
32.4%
181,557Santa Clarita
31.3%
169,089Ontario
31.2%
103,410Santa Maria
30.7%
156,677Salinas
28.7%
129,342Thousand Oaks
27.8%
153,350Pomona
27.2%
Population City % Correct
174,305Rancho Cucamonga
26.8%
139,677Fullerton
26.8%
150,243Escondido
26.6%
103,091El Cajon
25.3%
204,950Fontana
24.5%
120,228Vallejo
24.2%
161,486Corona
24.2%
158,279Palmdale
24.1%
161,043Lancaster
24%
148,495Torrance
23.7%
108,565Richmond
23.6%
154,612Hayward
23.2%
111,905Inglewood
22.5%
149,980Sunnyvale
22.4%
202,976Moreno Valley
21.7%
102,189Clovis
21.5%
175,078Garden Grove
21.4%
129,281Visalia
21.3%
126,871Simi Valley
20.8%
163,553Elk Grove
20.6%
127,522Concord
20.5%
112,299Carlsbad
20.4%
106,094Daly City
20.4%
112,784Costa Mesa
19.7%
109,428Temecula
19.5%
102,741Rialto
19.1%
121,901Victorville
17.8%
128,615Roseville
17.1%
111,125Fairfield
16%
108,455West Covina
15.7%
114,172Downey
15.5%
108,930Antioch
15.3%
116,631El Monte
14%
107,096Norwalk
13.1%
108,368Murrieta
11.5%

You're not logged in!

Compare scores with friends on all Sporcle quizzes.
Join for Free
OR
Log In

You Might Also Like...

Show Comments

Extras

Top Quizzes Today


Score Distribution

Your Account Isn't Verified!

In order to create a playlist on Sporcle, you need to verify the email address you used during registration. Go to your Sporcle Settings to finish the process.

Report this User

Report this user for behavior that violates our Community Guidelines.

Details: